| 000 | 00522nam a2200205Ia 4500 | ||
|---|---|---|---|
| 008 | 170918s9999 xx 000 0 und d | ||
| 020 | _a9780590528351 | ||
| 050 | _bE756 1995 | ||
| 100 | _aEsiason, Boomer | ||
| 245 | 2 | _aA boy who named Boomer / | |
| 245 | _cby Boomer Esiason ; illustrated by Jacqueline Rogers. | ||
| 260 | _aNew York : | ||
| 260 | _bScholastic, | ||
| 260 | _c1995 | ||
| 300 | _aunpaged : | ||
| 300 | _bcolored illustration ; | ||
| 300 | _c23cm. | ||
| 440 | _aHello reader! | ||
| 500 | _a430 | ||
| 999 |
_c342841 _d342841 |
||